000 010380am a2200253 004500
003 EG-GiCUC
008 080729s1979 ua g f000 0 ara d
017 _a1979 / 4503
_bمصر.دار الكتب
020 _a9777191553
040 _aEG-GiCUC
_bara
_cEG-GiCUC
092 0 4 _a338.2728
_bA3987
_221
099 _a04
_a338.2728 A3987
100 1 _aعلى : عبد المنعم السيد
245 1 0 _aدراسات فى اقتصاديات النفط العربى /
_cعبد المنعم السيدعلى
260 _aالقاهرة :
_bالمنظمة العربية للتربية ة الثقافة و العلوم : معهد البحوث و الدراسات العربية :
_c1979
300 _a288ص ؛
_c24سم
650 7 _aالبترول
_xاقتصاديات
_2qrmak
650 7 _aالبترول
_xصناعة و تجارة
_2qrmak
902 _a1
905 _aعفاف
_eمدخل
905 _aمنى
_eمراجع
942 _2ddc
_cBK
999 _c100950
_d100950